Wird geladen...

The mysterious island

Bibliographische Detailangaben
1. Verfasser: Jules Verne
Veröffentlicht: Projapoti 2010
LEADER 00175 a2200085 4500
100 |a Jules Verne 
245 |a The mysterious island 
260 |c 2010  |b Projapoti 
942 |c BK  |6 _ 
999 |c 70780  |d 70780